[Event "11th Vellmar Open 2019"]
[Site "Vellmar GER"]
[Date "2019.07.05"]
[Round "3.45"]
[White "Silini,Jalel"]
[Black "Blaschke,Henri Johannes"]
[Result "1-0"]
[WhiteElo "1650"]
[BlackElo "1846"]
[WhiteFideId "16215397"]
[BlackFideId "12995320"]
[EventDate "2019.07.04"]

1. e4 e5 2. Nf3 Nc6 3. Bc4 Bc5 4. c3 Nf6 5. d4 exd4 6. cxd4 Bb4+ 7. Bd2 Nxe4 8.
Bxb4 Nxb4 9. Bxf7+ Kxf7 10. Qb3+ d5 11. Ne5+ Ke8 12. Qxb4 Qe7 13. Qb5+ c6 14.
Qb3 Rf8 15. O-O Kd8 16. Re1 Qf6 17. f3 Qf4 18. Nd3 Nd2 19. Nxd2 Qxd2 20. Qa3 Rf7
21. Ne5 Qxd4+ 22. Kh1 Qf4 23. Qd6+ Bd7 24. Nxf7+ Qxf7 25. Re2 Qf6 26. Qg3 a5 27.
Rae1 a4 28. Qf2 Ra6 29. Qc5 b6 30. Qf2 c5 31. Qg3 Ra8 32. Re5 d4 33. Rd5 Kc8 34.
Rd6 Qf7 35. Qh4 Qf5 36. h3 g5 37. Qh6 b5 38. Re7 Ra7 39. Qg7 Rc7 40. Rb6 Ra7 41.
Qg8+ Kc7 42. Qb8# 1-0

[Event "11th Vellmar Open 2019"]
[Site "Vellmar GER"]
[Date "2019.07.05"]
[Round "3.46"]
[White "Schulze,Nick"]
[Black "Maas,Kolja"]
[Result "1-0"]
[WhiteElo "1775"]
[BlackElo "1571"]
[WhiteFideId "16212312"]
[BlackFideId "16220420"]
[EventDate "2019.07.04"]

1. e4 e5 2. Nf3 Nf6 3. Nxe5 d6 4. Nf3 Nxe4 5. Nc3 Nxc3 6. dxc3 Bd7 7. Be3 Nc6 8.
Qd2 g6 9. O-O-O Bg7 10. Bc4 Qe7 11. Bg5 f6 12. Rhe1 Ne5 13. Nxe5 O-O-O 14. Nxd7 1-0

[Event "11th Vellmar Open 2019"]
[Site "Vellmar GER"]
[Date "2019.07.05"]
[Round "3.47"]
[White "Azizov,Fariz"]
[Black "Koronowski,Heinz-Juergen"]
[Result "0-1"]
[WhiteElo "1458"]
[BlackElo "1758"]
[WhiteFideId "16218132"]
[BlackFideId "12943762"]
[EventDate "2019.07.04"]

1. e4 e5 2. Nf3 Nf6 3. Nc3 Nc6 4. Bb5 Nd4 5. Bc4 Nxf3+ 6. Qxf3 d6 7. h3 c6 8.
O-O Be7 9. d3 O-O 10. Be3 Bd7 11. Rad1 b5 12. Bb3 a5 13. a3 Qc8 14. d4 exd4 15.
Bxd4 Be6 16. Bxf6 Bxf6 17. Rxd6 Be5 18. Rd2 Bxb3 19. cxb3 Qe6 20. Ne2 Rad8 21.
Rfd1 Rxd2 22. Rxd2 Rc8 23. Qd3 g6 24. f4 Bf6 25. e5 Rd8 26. Qc3 Rxd2 27. Qxd2
Be7 28. Qxa5 Qxb3 29. Qa8+ Kg7 30. Qxc6 Qxb2 31. Kf2 Qxa3 32. Qxb5 Bc5+ 33. Ke1
Be3 34. Qb1 Bxf4 35. Qe4 Qa1+ 36. Kf2 Bxe5 37. g4 Bf6 38. Kg2 Qe5 39. Qf3 Bg5
40. Qf1 Qe4+ 41. Kg3 Bf6 42. Kh2 Qe5+ 43. Kg2 h5 44. gxh5 Qxh5 45. Kh2 Qe5+ 46.
Kg2 Be7 47. Qf3 Bd6 48. Ng3 Qg5 49. Qc3+ Be5 50. Qf3 Qxg3+ 51. Qxg3 Bxg3 52.
Kxg3 Kh6 53. Kg4 f5+ 54. Kh4 g5+ 55. Kg3 Kh5 56. Kf3 Kh4 57. Kg2 f4 58. Kh2 f3
59. Kg1 Kxh3 0-1

[Event "11th Vellmar Open 2019"]
[Site "Vellmar GER"]
[Date "2019.07.05"]
[Round "3.48"]
[White "Kroemer,Alexander"]
[Black "Warter,Simon"]
[Result "1-0"]
[WhiteElo "1641"]
[BlackElo "1565"]
[WhiteFideId "12974676"]
[BlackFideId "16223080"]
[EventDate "2019.07.04"]

1. e4 e5 2. Nf3 Nc6 3. Bc4 Bc5 4. d3 h6 5. Be3 Bb6 6. Nbd2 Nf6 7. Nf1 O-O 8. Ng3
d6 9. O-O Bg4 10. c3 Na5 11. Bb3 Nxb3 12. Qxb3 Be6 13. Qc2 Ng4 14. Bxb6 axb6 15.
d4 Bc4 16. Rfd1 exd4 17. cxd4 Bb5 18. e5 h5 19. Nxh5 g6 20. Nf4 Kg7 21. e6 c6
22. Re1 Qf6 23. g3 Nh6 24. exf7 Rxf7 25. Re6 Qf5 26. Rxg6+ Kh7 27. Ng5+ 1-0

[Event "11th Vellmar Open 2019"]
[Site "Vellmar GER"]
[Date "2019.07.06"]
[Round "4.1"]
[White "Keller,Pe GER"]
[Black "Cherny,A"]
[Result "1-0"]
[WhiteTitle "FM"]
[WhiteElo "2279"]
[BlackElo "2188"]
[WhiteFideId "1272105"]
[BlackFideId "4688473"]
[EventDate "2019.07.04"]

1. e4 d5 2. exd5 Qxd5 3. Nc3 Qd8 4. d4 Nf6 5. Bc4 Bg4 6. Nge2 e6 7. Bg5 c6 8. f3
Bf5 9. g4 Bg6 10. Nf4 Bd6 11. Qd2 b5 12. Bb3 b4 13. Nce2 h6 14. Nxg6 fxg6 15.
Bf4 g5 16. Bg3 Nd5 17. O-O-O O-O 18. Bxd6 Qxd6 19. h4 gxh4 20. Rxh4 Qe7 21. Rdh1
Rxf3 22. g5 Nd7 23. Kb1 Raf8 24. gxh6 g5 25. Rg4 Rf1+ 26. Rxf1 Rxf1+ 27. Nc1 Rf5
28. Bc4 Qf6 29. Bxd5 exd5 30. Qxb4 Rf4 31. h7+ Kh8 32. Rg1 Nf8 33. Qb7 Nxh7 34.
Qb8+ Nf8 35. Qxa7 Rf1 36. Rxf1 Qxf1 37. Qc7 Qf6 38. Qe5 Qxe5 39. dxe5 Kg7 40.
Nd3 g4 41. Kc1 c5 42. Kd2 c4 43. Nf4 d4 44. b3 c3+ 45. Kd3 Ng6 46. Nxg6 Kxg6 47.
Kxd4 Kf5 48. e6 Kxe6 49. Ke4 Kd6 50. Kf4 Kc5 51. Kxg4 Kb4 52. Kf3 1-0

[Event "11th Vellmar Open 2019"]
[Site "Vellmar GER"]
[Date "2019.07.06"]
[Round "4.2"]
[White "Schulze,Lara"]
[Black "Colbow,Collin"]
[Result "0-1"]
[WhiteTitle "WFM"]
[WhiteElo "2253"]
[BlackElo "2167"]
[WhiteFideId "12956830"]
[BlackFideId "16201132"]
[EventDate "2019.07.04"]

1. e4 c5 2. Nf3 d6 3. d4 cxd4 4. Nxd4 Nf6 5. Nc3 a6 6. f3 e5 7. Nb3 Be6 8. Be3
h5 9. Nd5 Bxd5 10. exd5 Nbd7 11. Qd2 g6 12. Be2 Bg7 13. O-O O-O 14. Na5 Rb8 15.
c4 e4 16. f4 Ng4 17. Bxg4 hxg4 18. Rab1 Nc5 19. f5 Nd3 20. Kh1 Kh7 21. b4 Be5
22. g3 Qd7 23. f6 Rbe8 24. b5 Nc5 25. bxa6 bxa6 26. Nc6 Rh8 27. Bh6 Kg8 28. Rb8
Rxb8 29. Nxb8 Qb7 30. Nc6 Qb2 31. Nxe5 Qxe5 32. Bg7 Rh5 33. Qa5 Qe8 34. Qc7 e3
35. Qe7 Re5 36. Qxd6 e2 37. Re1 Nd3 38. Qa3 Nxe1 39. d6 Nf3 40. d7 e1=Q+ 41. Kg2
Qg1# 0-1

[Event "11th Vellmar Open 2019"]
[Site "Vellmar GER"]
[Date "2019.07.06"]
[Round "4.3"]
[White "Schnepp,G"]
[Black "Ziegenfuss,Antonia"]
[Result "0-1"]
[WhiteTitle "FM"]
[BlackTitle "WFM"]
[WhiteElo "2292"]
[BlackElo "2063"]
[WhiteFideId "1604503"]
[BlackFideId "12962554"]
[EventDate "2019.07.04"]

1. d4 Nf6 2. c4 e6 3. Nf3 d5 4. g3 dxc4 5. Bg2 Bd7 6. Ne5 Bc6 7. Nxc6 Nxc6 8.
O-O Qd7 9. e3 O-O-O 10. Nd2 Kb8 11. Nxc4 h5 12. Qb3 Nd5 13. Bd2 h4 14. Rfc1 hxg3
15. hxg3 f5 16. Na5 Nxa5 17. Bxa5 Rc8 18. Rc2 g5 19. Rac1 c6 20. e4 fxe4 21.
Bxe4 Bd6 22. Re1 Qg7 23. Bg2 Qh6 24. Rce2 Qh2+ 25. Kf1 Rcf8 26. Rxe6 Bxg3 27.
R1e2 Nf4 28. Bc7+ Kxc7 29. Rxc6+ bxc6 30. Re7+ Kd8 31. Rd7+ Kxd7 32. Qb7+ Kd8
33. Qb8+ Ke7 34. Qc7+ Kf6 35. Qe5+ Kf7 36. Qf5+ Kg7 37. Qe5+ Kh6 0-1

[Event "11th Vellmar Open 2019"]
[Site "Vellmar GER"]
[Date "2019.07.06"]
[Round "4.4"]
[White "Hahn,Markus"]
[Black "Zahn,R"]
[Result "1-0"]
[WhiteElo "2290"]
[BlackElo "2051"]
[WhiteFideId "24654647"]
[BlackFideId "4681690"]
[EventDate "2019.07.04"]

1. c4 e6 2. Nf3 d5 3. d4 c6 4. Nc3 f5 5. Bf4 Nf6 6. e3 Bd6 7. Bd3 O-O 8. Qc2 Ne4
9. Bxd6 Nxd6 10. Ne5 Nd7 11. cxd5 exd5 12. f4 Nf6 13. O-O-O Nfe4 14. Rhg1 Nf7
15. g4 Qa5 16. gxf5 Bxf5 17. Nxe4 Nxe5 18. dxe5 dxe4 19. Bxe4 Bxe4 20. Qxe4 Qc5+
21. Kb1 Rad8 22. Rd3 Rxd3 23. Qxd3 Rxf4 24. Rc1 1-0

[Event "11th Vellmar Open 2019"]
[Site "Vellmar GER"]
[Date "2019.07.06"]
[Round "4.5"]
[White "Pfitzenreuter,G"]
[Black "Dorst,J"]
[Result "0-1"]
[BlackTitle "FM"]
[WhiteElo "2049"]
[BlackElo "2234"]
[WhiteFideId "4672380"]
[BlackFideId "4650433"]
[EventDate "2019.07.04"]

1. d4 Nf6 2. c4 g6 3. Nc3 Bg7 4. e4 d6 5. f3 O-O 6. Bg5 c5 7. d5 h6 8. Be3 e6 9.
Qd2 exd5 10. cxd5 a6 11. a4 h5 12. Bd3 Nbd7 13. Nh3 Ne5 14. Nf2 Bd7 15. O-O h4
16. Be2 Qc8 17. h3 b5 18. axb5 axb5 19. Nxb5 Rxa1 20. Rxa1 Qb8 21. Na3 Ba4 22.
Nc4 Nxc4 23. Bxc4 Bb5 24. Bxb5 Qxb5 25. Nd1 Rb8 26. Bg5 Nd7 27. Bxh4 Ne5 28. Bf2
Nd3 29. Ra5 Qb6 30. Be3 Nxb2 31. Nxb2 Bxb2 32. Ra2 Qb3 33. Ra6 Be5 34. f4 Qb1+
35. Kh2 Rb2 36. fxe5 Rxd2 37. Bxd2 dxe5 38. Ra8+ Kg7 39. Bc3 Qxe4 40. Re8 Qf4+
41. g3 Qf2+ 42. Kh1 Qf3+ 0-1

[Event "11th Vellmar Open 2019"]
[Site "Vellmar GER"]
[Date "2019.07.06"]
[Round "4.6"]
[White "Rempel,P"]
[Black "Henrich,T"]
[Result "0-1"]
[BlackTitle "FM"]
[WhiteElo "2119"]
[BlackElo "2139"]
[WhiteFideId "4657632"]
[BlackFideId "4640993"]
[EventDate "2019.07.04"]

1. d4 Nf6 2. c4 c5 3. d5 b5 4. cxb5 a6 5. e3 g6 6. Nf3 Bg7 7. Nc3 O-O 8. Be2 d6
9. O-O axb5 10. Bxb5 Qb6 11. a4 Bf5 12. Ra3 Na6 13. Nd2 Nb4 14. e4 Bd7 15. Nc4
Qb7 16. Bg5 Bxb5 17. axb5 h6 18. Bh4 g5 19. Bg3 Nd7 20. h4 Rxa3 21. Nxa3 gxh4
22. Bxh4 Ne5 23. Qh5 Ng6 24. Bg3 Nd3 25. Qe2 Ndf4 26. Qd2 Be5 27. Rc1 Qd7 28.
Nc4 Qg4 29. Nxe5 dxe5 30. Bxf4 Nxf4 31. f3 Qg5 32. Kf1 Kh7 33. Nd1 Rg8 34. Rxc5
Qh4 35. Ne3 Qh1+ 36. Kf2 Nxg2 37. Ng4 Nf4 38. Rc1 Qxc1 0-1

[Event "11th Vellmar Open 2019"]
[Site "Vellmar GER"]
[Date "2019.07.06"]
[Round "4.7"]
[White "Toepfer,Albrecht"]
[Black "Boder,Jan"]
[Result "1-0"]
[WhiteElo "2043"]
[BlackElo "2116"]
[WhiteFideId "12924067"]
[BlackFideId "16243226"]
[EventDate "2019.07.04"]

1. Nf3 c5 2. c4 Nc6 3. g3 g6 4. Bg2 Bg7 5. Nc3 e5 6. d3 Nge7 7. O-O O-O 8. a3 d6
9. Rb1 a5 10. Ne1 f5 11. Nc2 Be6 12. Ne3 h6 13. Bd2 Kh7 14. Ned5 Bxd5 15. Nxd5
Nxd5 16. Bxd5 a4 17. b3 axb3 18. Rxb3 Qd7 19. Bc3 Ra7 20. Qc2 f4 21. Qb2 fxg3
22. hxg3 h5 23. Kg2 Bh6 24. Rh1 Qe7 25. Be4 Kg7 26. e3 Bg5 27. Qe2 Qf7 28. Bd5
Qf5 29. Be4 Qf7 30. f4 Bf6 31. f5 gxf5 32. Bxf5 Bg5 33. Be4 Kh6 34. Bd2 Raa8 35.
Rbb1 h4 36. Rbf1 Qg7 37. Qg4 Rxf1 38. Rxh4+ 1-0

[Event "11th Vellmar Open 2019"]
[Site "Vellmar GER"]
[Date "2019.07.06"]
[Round "4.8"]
[White "Yaghy,Ritta."]
[Black "Nilsson,Anders1"]
[Result "0-1"]
[BlackTitle "CM"]
[WhiteElo "1912"]
[BlackElo "2225"]
[WhiteFideId "7603266"]
[BlackFideId "1705423"]
[EventDate "2019.07.04"]

1. e4 d6 2. d4 Nf6 3. Nc3 c6 4. f4 Qa5 5. Bd3 e5 6. Nf3 exd4 7. Nxd4 g6 8. Nf3
Bg7 9. O-O O-O 10. h3 Re8 11. g4 Na6 12. Rb1 b5 13. e5 dxe5 14. Nxe5 b4 15. Ne2
Nd7 16. Nc4 Qc5+ 17. Kh2 Nb6 18. Nxb6 axb6 19. c3 Nc7 20. cxb4 Qxb4 21. a3 Qd6
22. Qc2 Nd5 23. Rf3 Bb7 24. Bd2 c5 25. Rf2 Ne3 26. Bxe3 Rxe3 27. Rd1 Rd8 28. Nc1
Be4 29. Qd2 Rxd3 30. Nxd3 Qxd3 31. Qxd3 Rxd3 32. Re1 f5 33. Rc1 Bd4 0-1

[Event "11th Vellmar Open 2019"]
[Site "Vellmar GER"]
[Date "2019.07.06"]
[Round "4.9"]
[White "Braun,I"]
[Black "Wiley,To"]
[Result "0-1"]
[BlackTitle "FM"]
[WhiteElo "2050"]
[BlackElo "2162"]
[WhiteFideId "24657816"]
[BlackFideId "401765"]
[EventDate "2019.07.04"]

1. e4 e6 2. d4 d5 3. e5 c5 4. c3 Nc6 5. Nf3 Bd7 6. Na3 f6 7. Nc2 Qc7 8. exf6
Nxf6 9. Bd3 Bd6 10. O-O O-O 11. b3 e5 12. dxe5 Nxe5 13. h3 Nxd3 14. Qxd3 Bc6 15.
b4 b6 16. bxc5 bxc5 17. Ba3 h6 18. Nh4 Rfe8 19. Nf5 Bf8 20. Rfe1 Qd7 21. Ng3
Rad8 22. Rad1 Bb7 23. Qg6 Qf7 24. Qxf7+ Kxf7 25. f3 Ba6 26. Kf2 Bc4 27. Ra1 Rxe1
28. Rxe1 Bxa2 29. Re2 Bb3 30. Na1 Bc4 31. Rd2 Rb8 32. Nf5 Rb1 33. Nc2 Rf1+ 34.
Ke3 g6 35. Ng3 Rb1 36. Ne2 Rb3 37. Kf2 Bxe2 38. Kxe2 Rxc3 39. Bb2 Rb3 40. Bxf6
Kxf6 41. Rxd5 Rb2 42. Kd3 Ke6 43. Rd8 c4+ 44. Kd2 Bd6 45. Rc8 Bf4+ 46. Kc3 Be5+
47. Kd2 c3+ 48. Kd3 Rb7 49. Rc6+ Kf7 50. f4 Bxf4 51. Rxc3 Rd7+ 52. Ke4 Rc7 53.
Ra3 Bd6 54. Ra2 Bc5 55. Kd5 Bb6 56. Nb4 Rc5+ 57. Kd6 Rf5 58. Nd5 Rf2 59. Ra6
Rxg2 60. Nxb6 axb6 61. Rxb6 Kf6 62. Kd7+ Kg5 63. Ke7 Rf2 64. Ra6 Kh5 65. Ke6 Rf3
66. Ke5 Rxh3 67. Kf6 Rg3 68. Kg7 Rc3 69. Ra1 Rc7+ 70. Kf6 Rc6+ 71. Kg7 g5 72.
Rg1 g4 73. Rh1+ Kg5 0-1

[Event "11th Vellmar Open 2019"]
[Site "Vellmar GER"]
[Date "2019.07.06"]
[Round "4.10"]
[White "Jensen,JB"]
[Black "Maar,Samuel"]
[Result "1-0"]
[WhiteElo "2173"]
[BlackElo "1998"]
[WhiteFideId "1401513"]
[BlackFideId "12952591"]
[EventDate "2019.07.04"]

1. d4 Nf6 2. c4 g6 3. Nc3 Bg7 4. Nf3 O-O 5. Bg5 d6 6. e3 h6 7. Bh4 c6 8. Be2 Bf5
9. Qb3 b6 10. Nd2 e5 11. d5 g5 12. Bg3 cxd5 13. cxd5 Nbd7 14. e4 Nc5 15. Qc2
Nfxe4 16. Ndxe4 Nxe4 17. Nxe4 Bxe4 18. Qxe4 f5 19. Qb1 f4 20. Qe4 Qd7 21. Bd3
Rf6 22. O-O b5 23. h3 Raf8 24. Rac1 a6 25. Bh2 Kf7 26. Rc6 Ra8 27. Rfc1 Ra7 28.
Be2 Qf5 29. Qxf5 Rxf5 30. Bg4 Rf6 31. Rc7+ Rxc7 32. Rxc7+ Kg6 33. f3 Rf8 34. Rc6
h5 35. Rxd6+ Bf6 36. Be6 Ra8 37. Kf1 a5 38. Rb6 b4 39. Bg1 e4 40. fxe4 Bxb2 41.
Bc5 Bc3 42. Be7 Bd4 43. Bf5+ Kf7 44. Rb7 Ra7 45. Be6+ Ke8 46. Rxa7 Bxa7 47. Bf6
a4 48. d6 Bb6 49. d7+ Kf8 50. d8=Q+ Bxd8 51. Bxd8 1-0

[Event "11th Vellmar Open 2019"]
[Site "Vellmar GER"]
[Date "2019.07.06"]
[Round "4.11"]
[White "Gramb,Marius"]
[Black "Carroll,Peter"]
[Result "0-1"]
[WhiteElo "2164"]
[BlackElo "2032"]
[WhiteFideId "24656593"]
[BlackFideId "2510243"]
[EventDate "2019.07.04"]

1. d4 Nf6 2. c4 g6 3. Nc3 Bg7 4. e4 O-O 5. Be2 d6 6. Bg5 c5 7. d5 b5 8. cxb5 a6
9. Nf3 axb5 10. Bxb5 Nxe4 11. Nxe4 Qa5+ 12. Nc3 Bxc3+ 13. bxc3 Qxb5 14. Qe2
Qxe2+ 15. Kxe2 Ba6+ 16. Kd1 f6 17. Bh6 Re8 18. Nd2 Nd7 19. Rb1 Ne5 20. Bf4 Bd3
21. Ra1 Nc4 22. Nb3 Be4 23. f3 Bxd5 24. Re1 Ne3+ 25. Rxe3 Bxb3+ 26. Kc1 e5 27.
Kb2 Bc4 28. Bg3 Reb8+ 29. Kc2 Rxa2+ 30. Rxa2 Bxa2 31. Re1 Be6 32. Ra1 Bf5+ 33.
Kc1 Kf7 34. Be1 Ke6 35. h4 Bd3 36. Kd2 Bf1 37. g3 Rb2+ 38. Kc1 Re2 39. Bd2 Rg2
40. Be1 Be2 41. f4 exf4 42. gxf4 Rg4 43. Kd2 Bc4 44. Ke3 Rg2 45. Bf2 Rh2 46. Kf3
Bd5+ 47. Ke2 Rh3 48. Kd2 Bc4 49. Re1+ Kf5 50. Re7 Rd3+ 51. Kc2 Kxf4 52. Rxh7 g5
53. hxg5 fxg5 54. Rg7 g4 55. Rg6 Rf3 56. Be1 Bd3+ 0-1

[Event "11th Vellmar Open 2019"]
[Site "Vellmar GER"]
[Date "2019.07.06"]
[Round "4.12"]
[White "Lesny,Florian"]
[Black "Lenhardt,M"]
[Result "1/2-1/2"]
[WhiteElo "2034"]
[BlackElo "2004"]
[WhiteFideId "12973874"]
[BlackFideId "4630211"]
[EventDate "2019.07.04"]

1. e4 e6 2. d4 d5 3. e5 c5 4. c3 Nc6 5. Nf3 Bd7 6. Be2 f6 7. O-O Qc7 8. Bf4 Nge7
9. Bg3 f5 10. h4 cxd4 11. cxd4 Qb6 12. Nc3 a6 13. Na4 Qa7 14. Rc1 Nc8 15. Nc5
Bxc5 16. Rxc5 O-O 17. Bf4 N8e7 18. h5 Rac8 19. Rc1 Qb6 20. Qd2 Qa5 21. Qxa5 Nxa5
22. b3 Rxc1 23. Rxc1 Rc8 24. Rxc8+ Nxc8 25. h6 Na7 26. hxg7 Kxg7 27. Bd2 N5c6
28. Bc3 Nb5 29. Bb2 h6 30. Kf1 Be8 31. a4 Nba7 32. Ne1 Nb4 33. Bc3 Nac6 34. Bxb4
Nxb4 35. f4 Nc6 36. Nc2 1/2-1/2

[Event "11th Vellmar Open 2019"]
[Site "Vellmar GER"]
[Date "2019.07.06"]
[Round "4.13"]
[White "Fuhrmeister,U"]
[Black "Engel,Robert"]
[Result "0-1"]
[WhiteElo "2008"]
[BlackElo "2054"]
[WhiteFideId "24611778"]
[BlackFideId "12974684"]
[EventDate "2019.07.04"]

1. Nf3 d5 2. g3 g6 3. Bg2 Bg7 4. O-O e5 5. d3 Nc6 6. e4 Nge7 7. Nc3 d4 8. Ne2
O-O 9. Nd2 Be6 10. f4 Qd7 11. Nf3 Bg4 12. Bd2 exf4 13. gxf4 Bh3 14. Rf2 Bg4 15.
Rf1 Rfe8 16. Qe1 a5 17. a3 b6 18. Qh4 f5 19. e5 Rad8 20. Rae1 Nd5 21. h3 Bxf3
22. Rxf3 Bf8 23. Kh1 Bc5 24. Rg3 Kg7 25. Rf3 a4 26. Rc1 Qe6 27. Qe1 Re7 28. Qg1
Ne3 29. c4 Red7 30. Be1 Be7 31. Bg3 Nxg2 32. Qxg2 Na5 33. Qf2 Nb3 34. Rd1 c6 35.
Bh4 b5 36. Bxe7 Rxe7 37. cxb5 cxb5 38. Qh4 Rc8 39. Ng3 Rec7 40. Rf2 Qe7 41. Rg2
Kh8 42. Qh6 Rc2 43. Rdg1 Rxg2 44. Rxg2 Nc1 45. h4 Nxd3 0-1

[Event "11th Vellmar Open 2019"]
[Site "Vellmar GER"]
[Date "2019.07.06"]
[Round "4.14"]
[White "Ehrlich,K"]
[Black "Heinelt,M"]
[Result "1/2-1/2"]
[WhiteElo "2006"]
[BlackElo "2101"]
[WhiteFideId "24666530"]
[BlackFideId "4656695"]
[EventDate "2019.07.04"]

1. e4 c5 2. Nf3 d6 3. d4 cxd4 4. Nxd4 Nf6 5. Nc3 e6 6. Bg5 Be7 7. f4 h6 8. Bxf6
Bxf6 9. Ndb5 Be7 10. Qd4 O-O 11. O-O-O e5 12. fxe5 Nc6 13. Qf2 Nxe5 14. Nd5 Bg5+
15. Kb1 Bg4 16. Be2 a6 17. Nd4 h5 18. Nf3 Bf6 19. Nxe5 Bxe5 20. Bxg4 hxg4 21.
Qf5 Qh4 22. g3 Qh3 23. Ne3 Rac8 24. Qxg4 Qxg4 25. Nxg4 Rc4 26. Nxe5 dxe5 27.
Rhe1 Rfc8 28. c3 R8c7 29. Re3 f6 30. Kc2 Kf7 31. b3 R4c6 32. Red3 Ke7 33. R1d2
b5 34. Kb2 Ke6 35. g4 Ke7 36. Rc2 Ke6 37. c4 bxc4 38. Rdc3 Kd6 39. Rxc4 Rxc4 40.
bxc4 Kc5 41. Rd2 g5 42. Kc3 Rh7 43. Rd5+ Kc6 44. Rd2 Kc5 45. Rd5+ 1/2-1/2

[Event "11th Vellmar Open 2019"]
[Site "Vellmar GER"]
[Date "2019.07.06"]
[Round "4.15"]
[White "Ahlers,Knut"]
[Black "Weiss,J"]
[Result "1/2-1/2"]
[WhiteElo "1854"]
[BlackElo "2097"]
[WhiteFideId "16203534"]
[BlackFideId "24677663"]
[EventDate "2019.07.04"]

1. e4 c5 2. Nf3 Nc6 3. d4 cxd4 4. Nxd4 g6 5. c4 Bg7 6. Be3 Nf6 7. Nc3 Ng4 8.
Qxg4 Nxd4 9. Qd1 Ne6 10. Qd2 d6 11. Be2 Bd7 12. O-O O-O 13. f4 Bc6 14. Bf3 a5
15. Rad1 Qc7 16. Nd5 Bxd5 17. cxd5 Nc5 18. Rc1 b6 19. Rc2 Qd7 20. Bd4 Qa4 21.
Bxg7 Kxg7 22. b3 Qb4 23. Qe3 b5 24. Rd1 a4 25. Rd4 Qa3 26. Qc3 b4 27. Rxb4+ Kg8
28. bxa4 Rxa4 29. Qxa3 Rxa3 30. e5 Rfa8 31. exd6 exd6 32. Rb6 R8a6 33. Rxa6 Rxa6
34. Be2 Ra3 35. g3 Kg7 36. Kg2 h6 37. Bc4 Kf6 38. Rb2 Rc3 39. Bb5 Ra3 40. Be2 g5
41. fxg5+ hxg5 42. Bh5 Ra7 43. Rf2+ Kg7 44. Bd1 Ra3 45. Kh3 Ne4 46. Re2 f5 47.
Bb3 g4+ 48. Kg2 Kf6 49. h3 gxh3+ 50. Kxh3 Nc5 51. Re3 Ra5 52. Bc4 Ra4 53. Rc3
Ne4 54. Rc2 Ra3 55. Bb3 Nc5 56. Re2 Nxb3 57. axb3 Rxb3 1/2-1/2

[Event "11th Vellmar Open 2019"]
[Site "Vellmar GER"]
[Date "2019.07.06"]
[Round "4.16"]
[White "Krueger,N"]
[Black "Gerlach,Felix Tobias"]
[Result "1/2-1/2"]
[WhiteElo "1958"]
[BlackElo "2097"]
[WhiteFideId "4633245"]
[BlackFideId "12957690"]
[EventDate "2019.07.04"]

1. e4 e5 2. Nc3 Nf6 3. Bc4 Nc6 4. d3 Na5 5. Nge2 c6 6. O-O b5 7. Bb3 Be7 8. Ng3
d6 9. h3 O-O 10. f4 Ne8 11. Be3 Nc7 12. fxe5 dxe5 13. Qh5 Nxb3 14. axb3 a6 15.
Nf5 Bxf5 16. Qxf5 Bd6 17. Ne2 Qe7 18. Ng3 Bc5 19. Qf2 Bxe3 20. Qxe3 Ne6 21. Qb6
Qa7 22. Qxa7 Rxa7 23. Ra5 Nd4 24. Rf2 c5 25. Nf5 Nc6 26. Ra1 1/2-1/2

[Event "11th Vellmar Open 2019"]
[Site "Vellmar GER"]
[Date "2019.07.06"]
[Round "4.17"]
[White "Krause,Ma2"]
[Black "Hourigan,Gerrit"]
[Result "0-1"]
[WhiteElo "1951"]
[BlackElo "2037"]
[WhiteFideId "24615889"]
[BlackFideId "16204174"]
[EventDate "2019.07.04"]

1. e4 c5 2. Nc3 a6 3. g3 b5 4. Bg2 Bb7 5. Nh3 e6 6. O-O d6 7. d3 Nf6 8. f4 Qc7
9. f5 e5 10. Nf2 Be7 11. Bg5 Nbd7 12. Ng4 O-O 13. h4 b4 14. Bxf6 Nxf6 15. Nd5
Bxd5 16. exd5 Nxg4 17. Qxg4 Bf6 18. Rae1 Kh8 19. Re4 Qa5 20. Ra1 Rfb8 21. Qd1
Qb6 22. Kh1 Qb7 23. Qe1 Qe7 24. Qf2 a5 25. a4 bxa3 26. b3 Rb4 27. Rxa3 Qd7 28.
Ra4 h6 29. Kh2 Kg8 30. Qf3 Kf8 31. Qf2 Ke7 32. Rexb4 cxb4 33. Qb6 Qa7 34. Qc6
Qa6 35. c3 bxc3 36. Qxc3 Rc8 37. Rc4 Rxc4 38. dxc4 Qb6 39. Qc2 Kf8 40. Be4 Qc5
41. Bg2 Bd8 42. f6 Bxf6 43. Qh7 Qb6 44. Qh8+ Ke7 45. Qc8 Qd8 46. Qb7+ Kf8 47.
Qa7 Be7 48. Be4 g6 49. h5 gxh5 50. Qf2 h4 51. g4 Bg5 52. c5 Qc8 53. c6 Qxg4 54.
c7 Bf4+ 55. Kh1 Qh3+ 56. Kg1 Qg4+ 57. Kh1 Qh3+ 58. Kg1 Qc3 59. Qc2 Qg3+ 60. Kf1
Qh3+ 61. Bg2 Qc8 62. Ke2 Qg4+ 63. Kd3 e4+ 64. Bxe4 Qg3+ 65. Kc4 Qh3 66. Kb5 Qc8
67. Kc6 Qa8+ 68. Kb5 Qb7+ 69. Kxa5 Qa7+ 70. Kb4 Bd2+ 71. Qxd2 Qxc7 72. Qd4 Qb7+
73. Kc3 Kg8 74. Bd3 Qc7+ 75. Kb2 Qe7 76. Qg4+ Kf8 77. Qf4 Kg7 78. b4 Qe1 79. b5
Qd1 80. Qd4+ Kf8 81. Qc3 h3 82. Qc8+ Kg7 83. Qxh3 Qd2+ 84. Kb3 Qd1+ 85. Kb4 Qe1+
86. Kc4 Qc1+ 87. Kd4 Qf4+ 88. Be4 Qd2+ 89. Qd3 Qb4+ 90. Ke3 Qe1+ 91. Qe2 Qg3+
92. Kd2 Qb3 93. Kc1 Kf8 94. Bd3 Qd1+ 0-1

[Event "11th Vellmar Open 2019"]
[Site "Vellmar GER"]
[Date "2019.07.06"]
[Round "4.18"]
[White "Windelband,J"]
[Black "Kanbach,Moritz"]
[Result "1-0"]
[WhiteElo "2075"]
[BlackElo "1647"]
[WhiteFideId "4663845"]
[BlackFideId "12981214"]
[EventDate "2019.07.04"]

1. e4 e5 2. Nf3 Nc6 3. Bb5 Bc5 4. O-O d6 5. c3 Bd7 6. d4 exd4 7. cxd4 Bb6 8. Nc3
Nf6 9. Re1 O-O 10. h3 Ne7 11. Bd3 h6 12. Na4 Ba5 13. Bd2 Bxd2 14. Nxd2 Bxa4 15.
Qxa4 Qd7 16. Qd1 c6 17. Qf3 Ng6 18. Rad1 Rad8 19. Kh2 Qc7 20. g3 Qd7 21. Qg2
Rfe8 22. f4 Nh7 23. Nf3 Kh8 24. Qc2 d5 25. e5 Ngf8 26. Bf5 Qc7 27. b4 Qb6 28.
Rb1 g6 29. Bd3 Ne6 30. Qf2 Nhf8 31. a4 a6 32. h4 Ng7 33. g4 Nfe6 34. Qe3 Qc7 35.
f5 gxf5 36. gxf5 Nf8 37. Qxh6+ Kg8 38. f6 Nge6 39. Rb2 Nxd4 40. Qg7# 1-0

[Event "11th Vellmar Open 2019"]
[Site "Vellmar GER"]
[Date "2019.07.06"]
[Round "4.19"]
[White "Schmid,Anton"]
[Black "Schnegelsberg,K"]
[Result "1-0"]
[WhiteElo "1738"]
[BlackElo "2043"]
[WhiteFideId "12910783"]
[BlackFideId "4653335"]
[EventDate "2019.07.04"]

1. d4 Nf6 2. c4 c6 3. Nf3 d5 4. e3 e6 5. Bd3 Nbd7 6. b3 Be7 7. Bb2 Qa5+ 8. Nc3
Ne4 9. Bxe4 dxe4 10. Nd2 Qg5 11. Qe2 f5 12. f3 exf3 13. Nxf3 Qh6 14. O-O-O Nf6
15. Kb1 Bd7 16. Ne5 O-O 17. e4 Rad8 18. h3 Nh5 19. Bc1 f4 20. Qg4 Be8 21. Ne2
Qf6 22. Rhf1 Rxd4 23. Nxd4 Qxe5 24. Qxe6+ Qxe6 25. Nxe6 Rf6 26. Nxf4 Ng3 27.
Rfe1 g5 28. Nd3 Re6 29. Re3 Nxe4 30. Rde1 Bg6 31. Ka1 a5 32. Bb2 a4 33. Ne5 a3
34. Nxg6 axb2+ 35. Kxb2 Bb4 36. Rxe4 Rxg6 37. R1e2 Rf6 38. Re5 h6 39. c5 Rf7 40.
a3 Ba5 41. Re8+ Kg7 42. R2e7 Bc7 43. Rxf7+ Kxf7 44. Rc8 Be5+ 45. Kc2 Ke6 46. Kd3
Kd5 47. b4 Bb2 48. Ra8 Be5 49. Ra7 Bb2 50. a4 1-0